[Event "20th Dubai Open 2018"]
[Site "Dubai UAE"]
[Date "2018.04.07"]
[Round "5.25"]
[White "Venkatesh, M.R."]
[Black "Charkhalashvili, Inga"]
[Result "1-0"]
[WhiteTitle "GM"]
[BlackTitle "WGM"]
[WhiteElo "2487"]
[BlackElo "2348"]
[WhiteFideId "5005779"]
[BlackFideId "13601431"]
[EventDate "2018.04.02"]

1. e4 c6 2. d4 d5 3. Nc3 dxe4 4. Nxe4 Nf6 5. Nxf6+ exf6 6. c3 Bd6 7. Bd3 O-O 8.
Qc2 h6 9. Ne2 c5 10. Be3 Qc7 11. O-O-O cxd4 12. Nxd4 Bf4 13. Bxf4 Qxf4+ 14. Qd2
Qxd2+ 15. Rxd2 Nd7 16. Re1 Ne5 17. Be4 Rb8 18. b3 a6 19. f4 Nd7 20. Bf3 g6 21.
Re7 f5 22. Ne2 Nc5 23. Rd6 b5 24. Nd4 Nd3+ 25. Kd2 Nxf4 26. Nc6 Rb6 27. g3 Nh3
28. Bd5 Ng5 29. Rxg6+ Kh7 30. Rd6 Bb7 31. Red7 Rc8 32. h4 Bxc6 33. hxg5 Bxd7 34.
Rxb6 hxg5 35. Rxa6 Kg7 36. Kd3 f4 37. gxf4 gxf4 38. Ra7 Bf5+ 39. Kd4 Bg6 40. c4
bxc4 41. bxc4 Bh5 42. Ra3 Kf6 43. c5 Rd8 44. Ra6+ Ke7 45. Ra7+ Kf6 46. c6 f3 47.
c7 Rc8 48. Kc5 f2 49. Bc4 Ke7 50. Kb6 Kd6 51. Bf1 Re8 52. Ra4 Bf3 53. Rf4 Bd5
54. Rxf2 Rc8 55. Rd2 Rxc7 56. Rxd5+ Kxd5 57. Kxc7 Kc5 58. a4 Kb4 59. Bb5 f5 60.
Kb6 1-0

[Event "20th Dubai Open 2018"]
[Site "Dubai UAE"]
[Date "2018.04.07"]
[Round "5.26"]
[White "Karthikeyan, P."]
[Black "Mohannad, Farhan"]
[Result "1/2-1/2"]
[WhiteTitle "IM"]
[BlackTitle "FM"]
[WhiteElo "2481"]
[BlackElo "2219"]
[WhiteFideId "5018226"]
[BlackFideId "8100918"]
[EventDate "2018.04.02"]

1. d4 e6 2. Nf3 Nf6 3. g3 d5 4. Bg2 Be7 5. O-O O-O 6. c4 c6 7. Nbd2 Nbd7 8. Qc2
b6 9. e4 Bb7 10. e5 Ne8 11. cxd5 cxd5 12. Re1 Rc8 13. Qa4 a5 14. Nf1 Ba6 15. Qd1
b5 16. h4 b4 17. Bg5 Nb6 18. Bxe7 Qxe7 19. Ng5 h6 20. Nh3 Nc7 21. Nf4 Nb5 22.
Nh5 Kh8 23. Qg4 g6 24. Nf6 Nd7 25. Qf4 Kg7 26. Nxd7 Qxd7 27. Ne3 Qe7 28. Bf1 g5
29. Qg4 f5 30. exf6+ Qxf6 31. f4 Rc6 32. Bxb5 Bxb5 33. Rad1 Qg6 34. hxg5 hxg5
35. Qxg5 Qxg5 36. fxg5 Kg6 37. Rd2 1/2-1/2

[Event "20th Dubai Open 2018"]
[Site "Dubai UAE"]
[Date "2018.04.07"]
[Round "5.28"]
[White "Laxman, R.R."]
[Black "Sharma, Dinesh K."]
[Result "1/2-1/2"]
[WhiteTitle "GM"]
[BlackTitle "IM"]
[WhiteElo "2441"]
[BlackElo "2261"]
[WhiteFideId "5005361"]
[BlackFideId "5004110"]
[EventDate "2018.04.02"]

1. d4 d5 2. c4 c6 3. cxd5 cxd5 4. Nf3 Nf6 5. Nc3 Nc6 6. Bf4 Bf5 7. e3 e6 8. Qb3
Bb4 9. Ne5 Qb6 10. Nxc6 bxc6 11. Be2 Ne4 12. f3 Nxc3 13. bxc3 Be7 14. O-O O-O
15. c4 c5 16. cxd5 Qxb3 17. axb3 exd5 18. dxc5 Bxc5 19. Ra5 Bb6 20. Rxd5 Be6 21.
Rd3 Rac8 22. Ra1 Bf5 23. Rd5 Be6 24. Rd3 Bf5 25. Rd5 Be6 26. Rd3 Bf5 27. Rd5 Be6
28. Rd3 Bf5 29. Rd5 Be6 30. Rd3 Bf5 31. Rd5 Be6 1/2-1/2

[Event "20th Dubai Open 2018"]
[Site "Dubai UAE"]
[Date "2018.04.07"]
[Round "5.29"]
[White "Pranav, V"]
[Black "Viani, Antonio Dcunha"]
[Result "1/2-1/2"]
[BlackTitle "IM"]
[WhiteElo "2366"]
[BlackElo "2435"]
[WhiteFideId "25060783"]
[BlackFideId "5027330"]
[EventDate "2018.04.02"]

1. e4 c5 2. Nf3 d6 3. c3 Nf6 4. Be2 Bg4 5. O-O e6 6. h3 Bh5 7. d4 Qc7 8. Re1
Nbd7 9. Nbd2 Be7 10. b3 cxd4 11. cxd4 Bg6 12. Bc4 O-O 13. Nh4 Bxe4 14. Nxe4 d5
15. Nxf6+ Bxf6 16. Bd3 Bxh4 17. Qh5 Nf6 18. Qxh4 Qc3 19. Bg5 Qxd3 20. Bxf6 Qf5
21. Be5 f6 22. Bd6 Rfd8 23. Qf4 Qxf4 24. Bxf4 g5 25. Be3 Kf7 26. Rac1 Rd7 27.
Rc2 Kg6 28. Rec1 h5 29. Rc7 Rad8 30. Rxd7 Rxd7 31. Kf1 g4 32. hxg4 hxg4 33. Ke2
Rh7 34. f3 Kf5 35. Rc8 b6 36. Rg8 gxf3+ 37. Kxf3 e5 38. dxe5 fxe5 39. g4+ Ke6
40. Re8+ Kd6 41. Bf2 Rf7+ 42. Ke2 Rf4 43. Bg3 Rxg4 44. Bxe5+ Kd7 45. Kf3 Re4 46.
Ra8 Rxe5 47. Rxa7+ Kc6 48. a4 d4 49. b4 Re3+ 50. Kf2 Rb3 51. Ke2 Kd5 52. a5 b5
53. a6 Rxb4 54. Ra8 Kc6 55. Kd3 Kb6 56. a7 Kb7 57. Rd8 Kxa7 58. Rxd4 Rb2 59. Kc3
Rb1 60. Rb4 Rc1+ 61. Kb2 Rc5 62. Rh4 Kb6 63. Kb3 Ka5 64. Rg4 Rf5 65. Rh4 Rf3+
66. Kb2 Re3 67. Rg4 Rd3 68. Rf4 Rh3 69. Rg4 Rh1 70. Rf4 Rh2+ 71. Kb3 Re2 72. Rh4
Re1 73. Kb2 b4 74. Rh8 Re2+ 75. Kb3 Re3+ 76. Kb2 b3 1/2-1/2

[Event "20th Dubai Open 2018"]
[Site "Dubai UAE"]
[Date "2018.04.07"]
[Round "5.31"]
[White "Srija, Seshadri"]
[Black "Pantsulaia, Levan"]
[Result "0-1"]
[WhiteTitle "WIM"]
[BlackTitle "GM"]
[WhiteElo "2264"]
[BlackElo "2592"]
[WhiteFideId "5055903"]
[BlackFideId "13602071"]
[EventDate "2018.04.02"]

1. e4 c6 2. d4 d5 3. e5 Bf5 4. Nf3 e6 5. Be2 Nd7 6. O-O Ne7 7. Nbd2 h6 8. Nb3 g5
9. Ne1 Qc7 10. Bd2 f6 11. f4 O-O-O 12. Rc1 gxf4 13. exf6 Ng6 14. c4 Nxf6 15. c5
Qg7 16. Rxf4 Ne4 17. Rf1 Be7 18. Be3 Bg5 19. Nc2 Nh4 20. Bf3 Rdf8 21. Qe2 Rhg8
22. Kh1 Rf6 23. Nd2 Nxd2 24. Qxd2 Nxf3 25. Rxf3 Be4 26. Rg3 Qf7 27. Rg1 Bh4 28.
Rxg8+ Qxg8 29. Ne1 Qg4 30. Nd3 Bg3 31. Rc1 Qh3 32. Bg1 Rf2 0-1

[Event "20th Dubai Open 2018"]
[Site "Dubai UAE"]
[Date "2018.04.07"]
[Round "5.32"]
[White "Senthil, Maran K"]
[Black "Raghunandan, Kaumandur Srihari"]
[Result "1/2-1/2"]
[BlackTitle "IM"]
[WhiteElo "2178"]
[BlackElo "2434"]
[WhiteFideId "25035681"]
[BlackFideId "25004964"]
[EventDate "2018.04.02"]

1. d4 Nf6 2. Nf3 g6 3. g3 Bg7 4. Bg2 O-O 5. O-O d6 6. b3 c5 7. Bb2 cxd4 8. Nxd4
d5 9. Na3 e5 10. Nf3 e4 11. Nd4 e3 12. f3 Nc6 13. c4 Nxd4 14. Bxd4 Qe7 15. Qc1
Be6 16. c5 Nd7 17. Bxg7 Kxg7 18. Qxe3 Qxc5 19. Qxc5 Nxc5 20. Rac1 Rfc8 21. Nb5
Bd7 22. Nd6 Rc6 23. Rfd1 Rxd6 24. Rxc5 Bc6 25. Rd4 Re6 26. Kf2 Rae8 27. Rc2 Bb5
28. Bf1 Bc6 29. Rcd2 Kf6 30. f4 Re4 31. R4d3 R4e7 32. a4 Re4 33. Rd4 Rxd4 34.
Rxd4 Re4 35. Rxe4 dxe4 36. Ke3 Ke6 37. Kd4 Bd5 38. b4 f5 39. a5 Kd6 40. h3 b5
41. e3 a6 42. g4 Be6 43. Be2 Bf7 44. h4 Be6 45. gxf5 gxf5 46. Bh5 Bg8 47. Be8
Be6 48. h5 h6 49. Bg6 Bd7 50. Bf7 Bc6 51. Bg8 Bb7 52. Ba2 Bc6 53. Bb3 Bb7 1/2-1/2

[Event "20th Dubai Open 2018"]
[Site "Dubai UAE"]
[Date "2018.04.07"]
[Round "5.33"]
[White "Sindarov, Javokhir"]
[Black "Ramaraju, N"]
[Result "1-0"]
[WhiteTitle "IM"]
[WhiteElo "2431"]
[BlackElo "2175"]
[WhiteFideId "14205483"]
[BlackFideId "5012090"]
[EventDate "2018.04.02"]

1. e4 e6 2. Qe2 c5 3. Nf3 Nc6 4. g3 g6 5. Bg2 Bg7 6. d3 Nge7 7. c3 d6 8. Na3 b6
9. h4 h6 10. O-O O-O 11. Nc2 Ba6 12. Rd1 Qc7 13. h5 g5 14. Ne3 Rae8 15. Qc2 d5
16. exd5 Nxd5 17. Qa4 Bb7 18. d4 Nxe3 19. Bxe3 cxd4 20. Bxd4 Nxd4 21. Nxd4 Bxg2
22. Kxg2 Bxd4 23. Rxd4 Qb7+ 24. Kg1 Rd8 25. Rad1 b5 26. Qb3 Rxd4 27. Rxd4 Rc8
28. Qd1 a6 29. Qd3 Rc4 30. Rd8+ Kg7 31. b3 Re4 32. Qd2 Qc7 33. Kg2 Re2 34. Qxe2
Qxd8 35. c4 Qd4 36. cxb5 Qd5+ 37. Qf3 Qxb5 38. Qe4 a5 39. Qd4+ e5 40. Qe4 Qc5
41. g4 Qc3 42. Qd5 Qe1 43. a3 Qe2 44. Qc4 Qe1 45. b4 axb4 46. axb4 Qb1 47. b5 e4
48. Qd4+ Kg8 49. b6 Qb3 50. Kf1 Qb5+ 51. Ke1 Qa6 52. Kd2 Qb7 53. Kc3 Qc6+ 54.
Kb4 Qc2 55. Kb5 Qd3+ 56. Qxd3 exd3 57. b7 1-0

[Event "20th Dubai Open 2018"]
[Site "Dubai UAE"]
[Date "2018.04.07"]
[Round "5.34"]
[White "Rajdeep, Sarkar"]
[Black "Makropoulou, Marina"]
[Result "1-0"]
[WhiteTitle "FM"]
[BlackTitle "WGM"]
[WhiteElo "2393"]
[BlackElo "2167"]
[WhiteFideId "25007963"]
[BlackFideId "4200187"]
[EventDate "2018.04.02"]

1. Nf3 d5 2. g3 Nf6 3. Bg2 g6 4. O-O Bg7 5. d4 O-O 6. c4 c6 7. Nbd2 b6 8. b3 Bb7
9. Bb2 Nbd7 10. Qc2 e6 11. Rac1 a5 12. a3 Qe7 13. e4 Nxe4 14. Nxe4 dxe4 15. Qxe4
Rab8 16. Qe2 c5 17. Rcd1 Rfd8 18. d5 Bxb2 19. Qxb2 exd5 20. cxd5 Qf6 21. Qe2 Re8
22. Qb5 Rbd8 23. Nd2 Nb8 24. Ne4 Rxe4 25. Bxe4 Ba6 26. Qa4 Bxf1 27. Rxf1 Kg7 28.
Bg2 Nd7 29. h4 h5 30. Re1 Qd6 31. Qc4 Nf6 32. Bf3 Re8 33. Rd1 Re5 34. Qb5 Rf5
35. Qc6 Qe5 36. d6 Qc3 37. Kg2 Nd7 38. Qe4 Qxb3 39. Rd3 Qc2 40. Re3 Qxe4 41.
Bxe4 Rf6 42. Rd3 Kf8 43. f4 Ke8 44. Bc6 Kd8 45. Bb5 Rf5 46. Rd2 Nf6 47. Kf3 Rd5
48. Rxd5 Nxd5 49. Bc4 Nf6 50. Bxf7 Kd7 51. Bxg6 c4 52. Ke3 b5 53. Kd4 Kxd6 54.
Bc2 Nd5 55. a4 bxa4 56. Bxa4 c3 57. Bb3 Ne7 58. Bc2 a4 59. Kxc3 Kd5 1-0

[Event "20th Dubai Open 2018"]
[Site "Dubai UAE"]
[Date "2018.04.07"]
[Round "5.36"]
[White "Sadhwani, Raunak"]
[Black "Afshari, Mohammadreza"]
[Result "1-0"]
[WhiteTitle "FM"]
[BlackTitle "FM"]
[WhiteElo "2358"]
[BlackElo "2165"]
[WhiteFideId "35093487"]
[BlackFideId "12501263"]
[EventDate "2018.04.02"]

1. e4 e5 2. Nf3 Nc6 3. Bc4 Bc5 4. O-O Nf6 5. d3 O-O 6. a4 d5 7. exd5 Nxd5 8. Re1
Bg4 9. h3 Bh5 10. Nbd2 Re8 11. Ne4 Bf8 12. Ng3 Bg6 13. c3 a6 14. a5 Nf6 15. Nh4
Qd7 16. Bg5 Be7 17. Nxg6 hxg6 18. Qb3 Rf8 19. Be3 Rab8 20. Red1 Bd6 21. Bg5 Nh7
22. Be3 Nf6 23. Qc2 Rbd8 24. b4 Qc8 25. Ne4 Nxe4 26. dxe4 Be7 27. Rdb1 Nb8 28.
b5 c5 29. Bd5 Rd7 30. Qb2 Rfd8 31. c4 Rc7 32. Ra3 axb5 33. cxb5 c4 34. Rc3 Rxd5
35. exd5 Qd7 36. Qa2 Qxd5 37. a6 1-0

[Event "20th Dubai Open 2018"]
[Site "Dubai UAE"]
[Date "2018.04.07"]
[Round "5.38"]
[White "Llopis de Aysa, Manuel"]
[Black "Kulkarni, Bhakti"]
[Result "0-1"]
[WhiteTitle "CM"]
[BlackTitle "CM"]
[WhiteElo "2147"]
[BlackElo "2317"]
[WhiteFideId "2203162"]
[BlackFideId "5019516"]
[EventDate "2018.04.02"]

1. d4 d5 2. Nf3 Nf6 3. e3 Bg4 4. h3 Bxf3 5. Qxf3 e6 6. Bd3 c5 7. Bb5+ Nc6 8. O-O
a6 9. Bxc6+ bxc6 10. c4 Be7 11. Nc3 O-O 12. Rd1 Qc7 13. Qe2 Rfd8 14. b3 cxd4 15.
exd4 c5 16. dxc5 Qxc5 17. Na4 Qa7 18. cxd5 Nxd5 19. Bb2 Bf6 20. Bxf6 Nxf6 21.
Rxd8+ Rxd8 22. Rc1 h6 23. Rc5 Qb7 24. Nc3 Rd4 25. Rc4 Qd7 26. Rxd4 Qxd4 27. Qc2
a5 28. g3 h5 29. Ne2 Qe5 30. h4 Nd5 31. Qd2 Qe4 32. Kh2 g6 33. Kg1 Kh7 34. Kh2
e5 35. Kg1 Nb4 36. Nc3 Qd4 37. Qe3 Nc2 38. Qf3 Kg7 39. Ne4 Qb6 40. Ng5 f6 41.
Ne4 Qc6 42. Qe2 Nd4 43. Qd3 Qd5 44. Nd2 f5 45. Kh2 Qc5 46. Qc4 Nxb3 47. Qxc5
Nxc5 48. Nc4 Nd3 49. Kg2 a4 50. Kf1 Kf6 51. Nb6 a3 52. Nc4 Nb4 53. Nxa3 Nxa2 54.
Nb5 Nb4 55. Ke2 Nd5 56. Nd6 Ke6 57. Nc4 Nb4 58. f3 Kd5 59. Nb6+ Kd4 60. Nd7 Nd5
61. Nf8 Ne7 62. Ne6+ Kd5 63. Nf8 f4 64. gxf4 exf4 65. Kd3 Ke5 66. Ke2 Kf6 67.
Kf2 Nf5 68. Nd7+ Ke7 69. Nc5 Nxh4 70. Nd3 g5 71. Nc5 Kf6 72. Nd3 Kf5 73. Nb4 g4
74. fxg4+ hxg4 75. Nd3 g3+ 76. Kf1 f3 77. Nc5 Ng6 78. Kg1 Nf4 0-1

[Event "20th Dubai Open 2018"]
[Site "Dubai UAE"]
[Date "2018.04.07"]
[Round "6.1"]
[White "Sethuraman, S.P."]
[Black "Ganguly, Surya Shekhar"]
[Result "0-1"]
[WhiteTitle "GM"]
[BlackTitle "GM"]
[WhiteElo "2631"]
[BlackElo "2642"]
[WhiteFideId "5021596"]
[BlackFideId "5002150"]
[EventDate "2018.04.02"]

1. d4 Nf6 2. c4 e6 3. g3 d5 4. Bg2 Bb4+ 5. Bd2 Be7 6. Nf3 O-O 7. O-O Nbd7 8. Qc2
c6 9. Bf4 b6 10. Rd1 Bb7 11. Ne5 Nxe5 12. dxe5 Nd7 13. cxd5 exd5 14. e4 d4 15.
Rxd4 Bc5 16. Rd1 Qe7 17. Nc3 Nxe5 18. Qe2 Rad8 19. Rxd8 Rxd8 20. Rd1 Rxd1+ 21.
Qxd1 g5 22. Bxe5 Qxe5 23. Qd7 Qf6 24. Nd1 Ba6 25. Bf1 Bxf1 26. Kxf1 h5 27. Qd3
g4 28. Kg2 b5 29. b3 Bd4 30. f4 gxf3+ 31. Qxf3 Qg5 32. Qd3 c5 33. Nc3 a6 34. Ne2
Be5 35. Qd5 Qe3 36. Qxe5 Qxe2+ 37. Kg1 Qd1+ 38. Kg2 Qd2+ 39. Kh3 Qd4 40. Qg5+
Kf8 41. Qh6+ Ke7 42. Qxa6 c4 43. bxc4 bxc4 44. Kg2 c3 45. Qe2 Qc5 46. Qc2 Qb4
47. Kf3 Qb2 48. Qa4 c2 49. Qa7+ Kf6 50. e5+ Kg7 0-1

[Event "20th Dubai Open 2018"]
[Site "Dubai UAE"]
[Date "2018.04.07"]
[Round "6.2"]
[White "Jones, Gawain C B"]
[Black "Iturrizaga Bonelli, Eduardo"]
[Result "1/2-1/2"]
[WhiteTitle "GM"]
[BlackTitle "GM"]
[WhiteElo "2675"]
[BlackElo "2624"]
[WhiteFideId "409561"]
[BlackFideId "3901211"]
[EventDate "2018.04.02"]

1. e4 c5 2. Nf3 Nc6 3. Bb5 e6 4. O-O Nge7 5. Re1 Nd4 6. Nxd4 cxd4 7. d3 a6 8.
Ba4 b5 9. Bb3 Bb7 10. Bg5 Qc7 11. Bh4 Ng6 12. Bg3 Bd6 13. c3 Qb6 14. Qh5 Rc8 15.
a4 Bxg3 16. hxg3 bxa4 17. Bxa4 Qxb2 18. Ra3 O-O 19. Rb3 Qa2 20. Ra3 Qb2 21. Rb3
Qa2 22. Ra3 1/2-1/2

[Event "20th Dubai Open 2018"]
[Site "Dubai UAE"]
[Date "2018.04.07"]
[Round "6.3"]
[White "Oleksiyenko, Mykhaylo"]
[Black "Kryvoruchko, Yuriy"]
[Result "0-1"]
[WhiteTitle "GM"]
[BlackTitle "GM"]
[WhiteElo "2621"]
[BlackElo "2703"]
[WhiteFideId "4152417"]
[BlackFideId "14109182"]
[EventDate "2018.04.02"]

1. c4 e6 2. Nc3 d5 3. d4 Be7 4. cxd5 exd5 5. Bf4 Nf6 6. e3 O-O 7. Bd3 c5 8. Nge2
Nc6 9. O-O c4 10. Bc2 Nh5 11. b3 Bb4 12. bxc4 dxc4 13. d5 Nxf4 14. exf4 Bxc3 15.
Nxc3 Nb4 16. Rb1 Nxc2 17. Qxc2 Qf6 18. Ne4 Qxf4 19. Qxc4 b6 20. Rbd1 Bd7 21.
Rfe1 Rac8 22. Qb4 Rfe8 23. f3 h6 24. Qd6 Rxe4 25. Qxd7 Rxe1+ 26. Rxe1 Rc2 27. d6
Rd2 28. Kh1 Qxd6 29. Qxa7 Qe6 30. Rb1 Rxa2 31. Qb8+ Kh7 32. Qg3 Qf6 33. Qe1 Qg6
34. Qg1 Rxg2 35. Qxb6 Qc2 0-1

[Event "20th Dubai Open 2018"]
[Site "Dubai UAE"]
[Date "2018.04.07"]
[Round "6.4"]
[White "Maghsoodloo, Parham"]
[Black "Safarli, Eltaj"]
[Result "1-0"]
[WhiteTitle "GM"]
[BlackTitle "GM"]
[WhiteElo "2615"]
[BlackElo "2653"]
[WhiteFideId "12539929"]
[BlackFideId "13402129"]
[EventDate "2018.04.02"]

1. Nf3 Nf6 2. c4 g6 3. Nc3 d5 4. cxd5 Nxd5 5. d3 Nxc3 6. bxc3 Bg7 7. Bd2 O-O 8.
h4 h5 9. g3 b6 10. Bg2 Bb7 11. O-O Nd7 12. Qc2 Qc8 13. Bg5 Re8 14. e4 c5 15. a4
Qc7 16. Rfe1 Ne5 17. Nxe5 Qxe5 18. Ra3 Rad8 19. Bf4 Qe6 20. Rb1 Qd7 21. c4 Bc6
22. a5 bxa5 23. Rxa5 Bd4 24. Kh2 e5 25. Bc1 Rb8 26. Rxb8 Rxb8 27. Qa2 Rb7 28.
Ra6 Qc7 29. Bh3 Bd7 30. Bxd7 Qxd7 31. Kg2 Qg4 32. Rf6 Kg7 33. Qa6 Qd7 34. Rd6
Qc7 35. Bg5 Rb2 36. Bf6+ Kh7 37. Rd8 Rb8 38. Qa5 Qc6 39. Rxb8 Qxf6 40. f3 g5 41.
hxg5 Qxg5 42. Qd8 Qxd8 43. Rxd8 a5 44. Rd6 Kg7 45. Ra6 Bc3 46. Kh3 f6 47. f4
exf4 48. gxf4 Be1 49. Rc6 Bf2 50. Kg2 Bd4 51. Kg3 Kf7 52. Kh4 Ke7 53. Kxh5 Kd7
54. Ra6 Bc3 1-0

[Event "20th Dubai Open 2018"]
[Site "Dubai UAE"]
[Date "2018.04.07"]
[Round "6.5"]
[White "Rakhmanov, Aleksandr"]
[Black "Narayanan, S.L."]
[Result "0-1"]
[WhiteTitle "GM"]
[BlackTitle "GM"]
[WhiteElo "2652"]
[BlackElo "2568"]
[WhiteFideId "4173708"]
[BlackFideId "5058422"]
[EventDate "2018.04.02"]

1. Nf3 d5 2. g3 Nc6 3. d4 Bf5 4. Bg2 e6 5. O-O Nb4 6. Na3 h6 7. c3 Nc6 8. c4
Bxa3 9. bxa3 Be4 10. Qa4 Ne7 11. Bb2 O-O 12. Rac1 a6 13. cxd5 exd5 14. Bh3 Bxf3
15. exf3 Nc8 16. Qb3 Na5 17. Qd3 Nc4 18. Bc3 N8d6 19. Bb4 a5 20. Bxd6 Qxd6 21.
Rb1 Rab8 22. a4 c6 23. Rfe1 b5 24. Qd1 Rb6 25. axb5 cxb5 26. f4 a4 27. Bg2 Rd8
28. h4 Rbb8 29. h5 Qc6 30. Qd3 b4 31. Bf3 Na3 32. Rbc1 Qb5 33. Qf5 Qd7 34. Qd3
b3 35. axb3 axb3 36. Rc5 Qb7 37. Kf1 Qb4 38. Rc3 Nc2 39. Rb1 Nxd4 40. Bd1 b2 41.
Bc2 Qb5 42. Qxb5 Rxb5 43. Bd3 Rb4 44. Ke1 Rdb8 45. Kd2 Kf8 46. Ra3 Rb3 47. Ra5
Nf3+ 48. Ke2 Re8+ 49. Kxf3 Rxd3+ 50. Kg4 Rd2 51. f3 Rb8 52. Rc5 d4 0-1

[Event "20th Dubai Open 2018"]
[Site "Dubai UAE"]
[Date "2018.04.07"]
[Round "6.6"]
[White "Kovalev, Vladislav"]
[Black "Zubov, Alexander"]
[Result "0-1"]
[WhiteTitle "GM"]
[BlackTitle "GM"]
[WhiteElo "2648"]
[BlackElo "2606"]
[WhiteFideId "13504398"]
[BlackFideId "14109409"]
[EventDate "2018.04.02"]

1. e4 c5 2. Nf3 d6 3. d4 cxd4 4. Nxd4 Nf6 5. f3 e5 6. Nb3 Be6 7. c4 Nbd7 8. Nc3
Rc8 9. Be3 Bxc4 10. Bxc4 Rxc4 11. O-O a6 12. Rc1 Be7 13. Qd2 Rc7 14. Nd5 Nxd5
15. Qxd5 Nf6 16. Qd2 Rd7 17. Rfd1 O-O 18. Qa5 Qb8 19. Bb6 Bd8 20. Rc2 d5 21.
Rcd2 Rd6 22. Bxd8 Rfxd8 23. Qb4 g6 24. Na5 Qc7 25. Nc4 Rc6 26. b3 d4 27. a4 Rc5
28. Nb2 Nh5 29. g3 a5 30. Qa3 Rc3 31. Rd3 Ng7 32. Nc4 Ne6 33. Qa2 Nc5 34. Rxc3
dxc3 35. Rc1 Rd3 36. Kg2 Qd8 37. Rc2 Na6 38. Qa1 Qd4 39. Qg1 Nb4 40. Qxd4 exd4
41. Rc1 c2 0-1

[Event "20th Dubai Open 2018"]
[Site "Dubai UAE"]
[Date "2018.04.07"]
[Round "6.8"]
[White "Anton Guijarro, David"]
[Black "Santiago, Yago De Moura"]
[Result "1-0"]
[WhiteTitle "GM"]
[BlackTitle "GM"]
[WhiteElo "2653"]
[BlackElo "2476"]
[WhiteFideId "2285525"]
[BlackFideId "2103877"]
[EventDate "2018.04.02"]

1. d4 e6 2. c4 f5 3. g3 Nf6 4. Bg2 c6 5. Nh3 Be7 6. O-O d6 7. Nc3 O-O 8. Qc2 e5
9. Rd1 Qe8 10. c5 d5 11. dxe5 Nfd7 12. b4 Nxe5 13. Bb2 Bf6 14. Nf4 Kh8 15. Ncxd5
cxd5 16. Nxd5 Na6 17. Nxf6 gxf6 18. Bc3 Nc7 19. a4 Rb8 20. Rd6 Kg8 21. b5 Nf7
22. Rxf6 Qe7 23. Qd2 Rd8 24. Qf4 Be6 25. Qe3 Re8 26. Qd4 Red8 27. Rg6+ 1-0

[Event "20th Dubai Open 2018"]
[Site "Dubai UAE"]
[Date "2018.04.07"]
[Round "6.10"]
[White "Efimenko, Zahar"]
[Black "Venkatesh, M.R."]
[Result "1/2-1/2"]
[WhiteTitle "GM"]
[BlackTitle "GM"]
[WhiteElo "2634"]
[BlackElo "2487"]
[WhiteFideId "14107201"]
[BlackFideId "5005779"]
[EventDate "2018.04.02"]

1. Nf3 Nf6 2. g3 g6 3. b3 Bg7 4. Bb2 O-O 5. Bg2 d6 6. d4 c5 7. c4 Qa5+ 8. Nc3
Ne4 9. Rc1 Nc6 10. O-O Bf5 11. e3 Nxc3 12. Bxc3 Qa3 13. Nh4 Bd7 14. Qd2 a5 15.
Ra1 Rfb8 16. Rfc1 Be8 17. Nf3 cxd4 18. exd4 e5 19. Re1 Rd8 20. Qe3 a4 21. d5 Ne7
22. Nd2 Nf5 23. Qd3 axb3 24. axb3 Qc5 25. Ne4 Qc7 26. b4 b6 27. f4 Rac8 28. Bf1
Nd4 29. fxe5 dxe5 30. Bxd4 exd4 31. Rac1 Qb8 32. Bg2 h6 33. c5 bxc5 34. bxc5 Bb5
35. Qd2 d3 36. Rb1 f5 37. Nc3 Rxc5 38. Nxb5 Rxb5 39. Qxd3 Rxb1 40. Rxb1 Qe5 41.
Kh1 Kh7 42. Qd2 Ra8 43. Qe1 h5 44. Qxe5 1/2-1/2

[Event "20th Dubai Open 2018"]
[Site "Dubai UAE"]
[Date "2018.04.07"]
[Round "6.11"]
[White "Adly, Ahmed"]
[Black "Khademalsharieh, Sarasadat"]
[Result "1-0"]
[WhiteTitle "GM"]
[BlackTitle "IM"]
[WhiteElo "2626"]
[BlackElo "2424"]
[WhiteFideId "10601619"]
[BlackFideId "12512214"]
[EventDate "2018.04.02"]

1. c4 e6 2. Nf3 Nf6 3. g3 d5 4. Bg2 d4 5. O-O c5 6. e3 Nc6 7. exd4 cxd4 8. d3
Bd6 9. Na3 O-O 10. Nc2 e5 11. Bg5 h6 12. Bxf6 Qxf6 13. Nd2 Qe7 14. a3 a5 15. Re1
Be6 16. Rb1 Rfe8 17. b4 axb4 18. axb4 Qc7 19. c5 Bf8 20. Nc4 Bxc4 21. dxc4 Qd7
22. Ne3 Ne7 23. Nd5 Nxd5 24. cxd5 b6 25. d6 Rac8 26. Bd5 bxc5 27. bxc5 Bxd6 28.
cxd6 Qxd6 29. Qf3 Re7 30. Rb5 Rce8 31. h4 Qa6 32. Rc5 Qb6 33. Rc6 Qa5 34. Rec1
e4 35. Qf5 Qa7 36. Rc8 1-0

[Event "20th Dubai Open 2018"]
[Site "Dubai UAE"]
[Date "2018.04.07"]
[Round "6.12"]
[White "Gupta, Abhijeet"]
[Black "Iniyan, P"]
[Result "1-0"]
[WhiteTitle "GM"]
[BlackTitle "IM"]
[WhiteElo "2617"]
[BlackElo "2466"]
[WhiteFideId "5010608"]
[BlackFideId "25002767"]
[EventDate "2018.04.02"]

1. d4 Nf6 2. c4 g6 3. Nc3 Bg7 4. e4 d6 5. Nf3 O-O 6. h3 e5 7. d5 Nh5 8. g3 f5 9.
exf5 gxf5 10. Bg5 Qe8 11. Be2 Na6 12. Nh4 Nf6 13. Qc2 c6 14. a3 Nc5 15. Be3 Nce4
16. Nxe4 fxe4 17. Qd2 cxd5 18. cxd5 Qf7 19. Rd1 Kh8 20. g4 Bd7 21. b3 a5 22. Rg1
a4 23. b4 Rac8 24. b5 Rc7 25. b6 Rcc8 26. Rg2 Ng8 27. Rg3 Ne7 28. Kf1 Bf6 29. g5
Bg7 30. Kg1 Rg8 31. Kg2 Rgf8 32. Kh2 Rg8 33. Rg4 Bxg4 34. Bxg4 Rc4 35. Qe2 Rc3
36. Be6 Qe8 37. Rg1 Rf8 38. g6 h6 39. Bxh6 Ng8 40. Bd2 e3 41. Bxe3 Nf6 42. Rg5
Bh6 43. Rh5 Nxh5 44. Qxh5 Rxf2+ 45. Bxf2 Qf8 46. Nf5 1-0

[Event "20th Dubai Open 2018"]
[Site "Dubai UAE"]
[Date "2018.04.07"]
[Round "6.13"]
[White "Tahbaz, Arash"]
[Black "Tabatabaei, M.amin"]
[Result "1/2-1/2"]
[WhiteTitle "IM"]
[BlackTitle "IM"]
[WhiteElo "2434"]
[BlackElo "2605"]
[WhiteFideId "12528846"]
[BlackFideId "12521213"]
[EventDate "2018.04.02"]

1. c4 e6 2. Nf3 d5 3. d4 Nf6 4. Nc3 c6 5. cxd5 exd5 6. Bg5 Be7 7. e3 Bf5 8. Bd3
Bxd3 9. Qxd3 Nbd7 10. O-O O-O 11. h3 Re8 12. Bf4 Nf8 13. Rab1 a5 14. Bh2 Ng6 15.
Ne5 Bd6 16. Nxg6 hxg6 17. Bxd6 Qxd6 18. a3 a4 19. f3 Re7 20. Rfe1 Nh5 21. Qd2
Ng3 22. e4 dxe4 23. fxe4 Rae8 24. Qd3 Qf4 25. Qf3 g5 26. Qxf4 gxf4 27. e5 Rd8
28. Rbd1 Red7 29. Nxa4 Rxd4 30. Rxd4 Rxd4 31. Nc5 Rd2 32. b4 Ra2 33. Nxb7 Nf5
34. Nc5 Nh4 35. Rf1 Rxg2+ 36. Kh1 Ra2 37. Rxf4 g5 38. Rf6 Rxa3 39. Rxc6 Ra1+ 40.
Kh2 Nf3+ 41. Kg2 Nxe5 42. Ra6 Rb1 43. Ne4 Rb2+ 44. Kf1 Rxb4 45. Nxg5 Kg7 46. Ra3
Rb2 47. Nf3 Ng6 48. Ra4 Kf6 49. h4 Kf5 50. h5 Nf4 51. Nh4+ Kg5 52. Nf3+ Kg4 53.
Ne5+ Kf5 54. Rxf4+ Kxf4 55. Nd3+ Kg5 56. Nxb2 1/2-1/2